bob hund - "Blommor på brinnande fartyg" lyrics - Statistics

General Stats
  • This quiz has been taken 12 times
  • The average score is 123 of 166
Answer Stats
Answer % Correct
Blommor
100%
Du
100%
Fartyg
100%
Hjärta
100%
I
100%
In
100%
Inte
100%
Nålar
100%
Som
100%
Växer
100%
All
80%
Är
80%
Att
80%
Bara
80%
Brinnande
80%
Dig
80%
En
80%
För
80%
Mitt
80%
80%
Själv
80%
Spikklubba
80%
Stuckit
80%
Alltid
60%
Annat
60%
Ätit
60%
Bensin
60%
Bygger
60%
Den
60%
Det
60%
Din
60%
Fisken
60%
Född
60%
Förbannat
60%
Förgiftat
60%
Hus
60%
Kompis
60%
Läcker
60%
Med
60%
Men
60%
Minnet
60%
Någonting
60%
När
60%
Och
60%
Raderat
60%
Renaste
60%
Ruin
60%
60%
Saknar
60%
Spelar
60%
Stad
60%
Törst
60%
Vad
60%
Vatten
60%
Vet
60%
Vill
60%
Blir
40%
Blixten
40%
Förklara
40%
Först
40%
Har
40%
Helt
40%
Hör
40%
Ingen
40%
Intensiv
40%
Kan
40%
Klaraste
40%
Kombinationen
40%
Kört
40%
Liv
40%
Släcker
40%
Smällen
40%
Spökena
40%
Till
40%
Träpålar
40%
Väcker
40%
Varje
40%
Glädje
20%
No matching quizzes found
Score Distribution
Percent of People with Each Score
Percentile by Number Answered
Your Score History
You have not taken this quiz